00407nam a22001457a 4500020001500000082001400015100001800029245002700047260002700074300000800101650001100109942000700120952011700127999001700244 a0572030525 a297.4 BAL aBaldock, John aThe Essence of Sufism  aLondonbArcturusc2006 a238 aSufism cBK 00104070aHMIbHMId2017-02-21eAmezong271.00l8m1o297.4 BALp25160r2022-06-22s2022-06-10w2026-01-16yBK c20297d20297